| 000 | 00451nam a2200193Ia 4500 | ||
|---|---|---|---|
| 008 | 170918s9999 xx 000 0 und d | ||
| 020 | _a9780545236874 | ||
| 050 | _bS465co 2009 | ||
| 100 | _aSelfors, Suzanne | ||
| 245 | _aCoffeehouse angel / | ||
| 245 | _cby Suzanne Selfors. | ||
| 260 | _aNew York : | ||
| 260 | _bScholastic, | ||
| 260 | _c2009 | ||
| 300 | _a279 pages : | ||
| 300 | _billustrations ; | ||
| 300 | _c19cm. | ||
| 500 | _a620 | ||
| 999 |
_c343919 _d343919 |
||